Estadísticas para Quiz De Futbol

Haz click aquí para intentar la prueba.

Estadísticas generales

  • Esta prueba ha sido intentada 169 veces
  • La puntuación promedio es 10 de 30

Estadísticas de respuestas

PistaRespuesta% Correcto
¿Cuál es el País con más mundiales de futbol?Brasil
100%
¿Cuál es el máximo goleador de la historia del futbol?Cristiano ronaldo
93%
¿Quién es el G.O.A.T?Messi
80%
¿Cuál es la peor selección según el ranking FIFA?San Marino
77%
¿Cuántas ligas tiene el Athletic Club de Bilbao?8
66%
¿Cuál es la cuarta mejor seleccion de América?Chile
58%
¿Cuál fue el mejor mundial de la historia según la FIFA?1986
55%
¿Quien es el maximo goleador de los mundialesMiroslav Klose
46%
¿Cuántos Mundiales se han jugado en total?22
39%
¿Cual es el mejor equipo de México segun estadisticas?América
39%
¿Quien es el jugador apodado "el principe que nunca quiso ser rey"?Neymar Jr
39%
¿Cuál es la mejor selección actualmente de África?Nigeria
35%
¿Cuál fue la selección sorpresa del mundial 2018?Croacia
33%
¿Cuál es la seleccion que jugo en 1934, y es africano?Egipto
32%
¿Cuál es el equipo que en 2016 dio sorpresa como luto?Chapecoense
29%
¿Cómo se llama el mejor club de serbia?Estrella Roja
27%
¿Cuál es el mundial de futbol en el que esta "la mano de Dios"?México 1986
27%
¿Cuál fue la selección que perdió 7-0 contra España en el 2022?Costa Rica
26%
¿Quién fue el personaje mas influyente del Barcelona históricamente antes de Messi?Johan Cruyff
26%
¿Que jugador gano el super balon de oro?Alfredo Dí Stefano
21%
¿Cuál fue el peor mundial de la historia según los hinchas?2002
19%
¿Cómo se le llamo a la final de mundial Brasil 1950?El maracanazo
18%
¿Cuál fue el equipo que "humillo" al Barcelona en Champions?Bayern Munchen
16%
¿Cuál fue la mayor polémica en la historia del Barcelona?Negreira
12%
¿Cuál fue la máxima goleada del futbol en tamaño de clubes?149-0
7%
Cuales fueron los mundiales eliminados por la WW2?1942 y 1946
6%
¿Cuál es el mejor clásico mundial (tamaño clubes) según la UEFAEl clásico español
5%
¿Qué equipo gano la serie A en la temporada 2022-2023?Napoli FC
4%
¿Cuál fue la posición mas alta de la selección Colombia en el ranking FIFA?Tercero
4%
¿Cuál es la selección que no ha entrado en el ranking FIFA?Eritrea
1%

Distribución de puntuación

Porcentaje por número respondido

Porcentaje de gente con cada puntuación

Historial de tus puntuaciones

No has intentado esta prueba.